Guess which CS:GO/CS 2 player used this skin - Statystyki

Ogólne statystyki
  • Ten quiz został rozwiązany 6 razy
  • Średni wynik to 9 z 16
Statystyki odpowiedzi
Obrazkowy Odpowiedź % Poprawnych
NiKo
100%
EliGE
83%
kennyS
83%
Snax
83%
FalleN
67%
friberg
67%
JW
67%
karrigan
67%
byali
50%
ropz
50%
ScreaM
50%
shroud
33%
Boombl4
17%
dupreeh
17%
Hiko
17%
Stewie2k
17%
Nie znaleziono quizów pasujących do podanych kryteriów
Rozkład punktacji
Procent ludzi z każdym wynikiem
Percentyl według liczby udzielonych odpowiedzi
Twoja historia wyników
Nie rozwiązałeś tego quizu